|
|
|
|
| LEADER |
00000cam a2200000 7i4500 |
| 001 |
0000004662 |
| 002 |
000005029 |
| 005 |
20000330.0 |
| 020 |
|
|
|a 0895773775
|
| 090 |
0 |
0 |
|a 001.94
|b GRE
|
| 245 |
0 |
0 |
|a Great mysteries of the part :
|b experts unravel fact and fallacy behind the theadlines of history
|c Reader's Digest
|
| 260 |
|
|
|a New York :
|b Reader's Digest ,
|c 1991
|
| 300 |
|
|
|a 448 p. ;
|c 26 cm.
|
| 650 |
0 |
0 |
|a Curiosities and wonders
|
| 710 |
2 |
|
|a Reader's Digest Assosiation
|
| 999 |
|
|
|a 032652
|b BUKU
|c PINJAMAN
|e PERPUSTAKAAN KOMUNITI PETALING JAYA
|
| 999 |
|
|
|a 032653
|b BUKU
|c PINJAMAN
|e PERPUSTAKAAN KOMUNITI PETALING JAYA
|
| 999 |
|
|
|a 041807
|b BUKU
|c PINJAMAN
|e PERPUSTAKAAN KOMUNITI PETALING JAYA
|